[Event "Guimaraes Open 2019"]
[Site "Guimaraes"]
[Date "2019.08.28"]
[Round "1.20"]
[White "Sismeiro, Miguel"]
[Black "Alonso Garcia, Aaron"]
[Result "0-1"]
[WhiteElo "2054"]
[BlackElo "2291"]
[Annotator "ChessBase"]
[PlyCount "104"]
[EventDate "2019.08.28"]
[EventType "swiss"]
[EventCountry "POR"]
[SourceTitle "playchess.com"]
[Source "ChessBase"]
[SourceQuality "1"]
[TimeControl "5400+30"]

1. e4 {[%emt 0:00:00]} g6 {[%emt 0:00:51]} 2. d4 {[%emt 0:00:09]} Bg7 {[%emt 0:00:24]} 3. Nc3 {[%emt 0:00:06]} d6 {[%emt 0:00:25]} 4. Nf3 {[%emt 0:02:00]} Nf6 {[%emt 0:02:04]} 5. Be2 {[%emt 0:03:33]} a6 {[%emt 0:01:50]} 6. a4 {[%emt 0:00:28]} O-O {[%emt 0:01:32]} 7. O-O {[%emt 0:00:30]} b6 {[%emt 0:05:47]} 8. e5 {[%emt 0:16:45]} Nfd7 {[%emt 0:07:32]} 9. e6 {[%emt 0:13:05]} fxe6 {[%emt 0:00:31]} 10. Ng5 {[%emt 0:00:09]} Nf6 {[%emt 0:01:04]} 11. Bf3 {[%emt 0:00:22]} d5 {[%emt 0:03:01]} 12. Re1 {[%emt 0:36:06]} Qd6 {[%emt 0:01:34]} 13. Qe2 {[%emt 0:08:43]} Nc6 {[%emt 0:02:56]} 14. Nxe6 {[%emt 0:00:36]} Bxe6 {[%emt 0:00:27]} 15. Qxe6+ {[%emt 0:02:23]} Qxe6 {[%emt 0:00:35]} 16. Rxe6 {[%emt 0:00:06]} Nxd4 {[%emt 0:00:03]} 17. Rxf6 {[%emt 0:03:58]} Bxf6 {[%emt 0:02:54]} 18. Bxd5+ {[%emt 0:00:04]} Kg7 {[%emt 0:00:34]} 19. Bxa8 {[%emt 0:03:46]} Rxa8 {[%emt 0:00:07]} 20. Bf4 {[%emt 0:00:30]} e5 {[%emt 0:03:39]} 21. Bg3 {[%emt 0:02:54]} Nxc2 {[%emt 0:00:06]} 22. Rd1 {[%emt 0:00:04]} Nd4 {[%emt 0:00:19]} 23. f4 {[%emt 0:03:13]} exf4 {[%emt 0:03:38]} 24. Bxf4 {[%emt 0:00:07]} c5 {[%emt 0:07:59]} 25. Bc7 {[%emt 0:00:20]} b5 {[%emt 0:00:01]} 26. axb5 {[%emt 0:00:54]} axb5 {[%emt 0:00:01]} 27. Bb6 {[%emt 0:00:40]} Nb3 {[%emt 0:05:39]} 28. Rd7+ {[%emt 0:01:19]} Kh6 {[%emt 0:00:08]} 29. Nxb5 {[%emt 0:01:04]} Rb8 {[%emt 0:03:54]} 30. Rd6 {[%emt 0:00:24]} Bxb2 {[%emt 0:00:01]} 31. Rc6 {[%emt 0:00:39]} Nd4 {[%emt 0:01:14]} 32. Nxd4 {[%emt 0:00:08]} Bxd4+ {[%emt 0:00:01]} 33. Kh1 {[%emt 0:00:51]} Kg5 {[%emt 0:05:17]} 34. g3 {[%emt 0:00:05]} Kf5 {[%emt 0:00:26]} 35. Kg2 {[%emt 0:00:43]} Ke4 {[%emt 0:00:33]} 36. Bxc5 {[%emt 0:00:21]} Rb2+ {[%emt 0:04:07]} 37. Kh3 {[%emt 0:00:44]} Rc2 {[%emt 0:01:04]} 38. Re6+ {[%emt 0:00:18]} Kf5 {[%emt 0:00:13]} 39. Bxd4 {[%emt 0:00:16]} Kxe6 {[%emt 0:00:05]} 40. g4 {[%emt 0:00:38]} Kd5 {[%emt 0:00:19]} 41. Bf6 {[%emt 0:00:40]} Ke4 {[%emt 0:00:47]} 42. Kg3 {[%emt 0:00:06]} Rc6 {[%emt 0:00:20]} 43. Bg7 {[%emt 0:00:25]} Rb6 {[%emt 0:00:14]} 44. h3 {[%emt 0:01:11]} Rb3+ {[%emt 0:00:05]} 45. Kh4 {[%emt 0:00:24]} Rf3 {[%emt 0:00:29]} 46. Bh6 {[%emt 0:00:35]} Kd3 {[%emt 0:00:13]} 47. g5 {[%emt 0:00:32]} Rf1 {[%emt 0:01:05]} 48. Kg3 {[%emt 0:00:20]} Ke4 {[%emt 0:00:05]} 49. Bg7 {[%emt 0:00:22]} Rg1+ {[%emt 0:00:14]} 50. Kh4 {[%emt 0:00:13]} Kf3 {[%emt 0:00:32]} 51. Be5 {[%emt 0:00:26]} Re1 {[%emt 0:00:23]} 52. Bf4 {[%emt 0:00:15]} Re2 {[%emt 0:00:06]} 0-1

[Event "Guimaraes Open 2019"]
[Site "Guimaraes"]
[Date "2019.08.28"]
[Round "1.21"]
[White "Forgas Moreno, Yaniela"]
[Black "Fernandes, Joao Pedro Murtinho"]
[Result "0-1"]
[WhiteElo "2276"]
[BlackElo "2044"]
[Annotator "ChessBase"]
[PlyCount "56"]
[EventDate "2019.08.28"]
[EventType "swiss"]
[EventCountry "POR"]
[SourceTitle "playchess.com"]
[Source "ChessBase"]
[SourceQuality "1"]
[TimeControl "5400+30"]

1. e4 c5 2. Nc3 e6 3. g3 Nc6 4. Bg2 Nf6 5. d3 Be7 6. f4 d5 7. e5 Nd7 8. Nf3 b5 9. O-O b4 10. Ne2 O-O 11. g4 f6 12. exf6 Nxf6 13. h3 Bd6 14. c4 bxc3 15. bxc3 Ba6 16. Re1 e5 17. fxe5 Nxe5 18. Nf4 Qb8 19. Nxe5 Bxe5 20. Nxd5 Nxd5 21. Bxd5+ Kh8 22. Qc2 Bxc3 23. Re6 Bxa1 24. Bxa8 Qxa8 25. Be3 Bc8 26. Re7 Qf3 27. Qg2 Qd1+ 28. Kh2 Bf6 0-1

[Event "Guimaraes Open 2019"]
[Site "Guimaraes"]
[Date "2019.08.29"]
[Round "1.23"]
[White "Fidalgo, Andre Neves"]
[Black "Soares, Luis Francisco Almei"]
[Result "1/2-1/2"]
[WhiteElo "2261"]
[BlackElo "2033"]
[Annotator "TA"]
[PlyCount "120"]
[EventDate "2019.08.28"]
[EventType "swiss"]
[EventCountry "POR"]
[SourceTitle "playchess.com"]
[Source "ChessBase"]
[SourceQuality "1"]

{[%evp 17,120,26,118,119,183,113,107,93,115,70,95,62,69,47,82,52,60,36,63,54,60,58,66,20,24,20,21,14,20,20,38,28,41,0,50,41,56,59,58,55,76,49,55,15,54,0,0,0,0,0,8,8,41,12,22,0,0,0,11,16,27,20,85,64,69,83,93,46,75,0,158,0,0,0,0,0,106,-110,0,0,830,810,632,471,29982,29983,29983,29984,29985,0,0,-95,-8,-8,-8,-8,-8,-8,-8,-869,-344,-350,0,0,0]} 1. d4 d5 2. c4 e6 3. Nf3 c6 4. Qc2 Nf6 5. g3 Bd6 6. Bg2 Nbd7 7. O-O O-O 8. Nbd2 e5 9. cxd5 Nxd5 (9... cxd5 $11 10. dxe5 Nxe5) 10. Nc4 $16 {E01: Catalan: Early deviations} Qe7 (10... Bc7 $16) 11. Nxd6 (11. e4 $1 $18 {[%cal Re4d5]} N5f6 12. Rd1 exd4 13. Nxd6 (13. Nxd4 Bc5 $16) 13... Qxd6 14. Bf4 (14. Nxd4 Qc5 $16)) 11... Qxd6 12. Rd1 {White is better.} exd4 13. Rxd4 (13. Nxd4 {is interesting.} Ne5 14. h3 Nb4 15. Qc3 Qe7 16. e4) (13. Nxd4 Re8 14. e4 Nb4 15. Qb3 Na6 16. Nf5 Qf6 17. Nd6 Rf8 {1-0 (40) Nguyen,D (2486)-Novita,A (2328) Jakarta 2013}) 13... f5 14. Bf4 $146 ({Predecessor:} 14. b3 N7f6 15. Bb2 Qe7 16. Rad1 Ne4 17. Nd2 Nxd2 18. Bxd5+ cxd5 19. Qxd2 {1-0 (31) Buturin,V (2311)-Alexanian,N (2141) Lvov 2011}) 14... Qf6 15. Bg5 Qe6 16. Rad1 N7f6 17. Ne1 Qf7 18. Nd3 Ne4 19. Bc1 Re8 20. f4 Nef6 21. Ne5 Qe7 22. a3 Be6 23. b4 $36 {[%mdl 2048] White is pushing.} a6 24. Qd3 g6 25. Bd2 Nd7 26. Nxd7 Qxd7 27. Bc3 {[%cal Rd4d5]} Qf7 28. Ba1 h5 29. e4 fxe4 30. Bxe4 Bf5 31. Bxf5 ({White should try} 31. Bxd5 $14 cxd5 32. Qc3) 31... gxf5 $11 32. Qd2 Kh7 33. Rd3 Re6 34. Be5 Rae8 35. a4 Nf6 36. Qb2 Ng4 {[%cal Rg4e5]} 37. Re1 (37. Qa2 {keeps more tension.} R8e7 38. Re1 h4 39. Re2 Qe8 40. Qd2) 37... Nxe5 38. Rxe5 Rxe5 39. fxe5 {[%mdl 4096] Endgame KQR-KQR} Re7 (39... Qe6 $11) 40. Rd6 $16 Qg7 41. Qe2 Qg5 42. Kg2 Kg7 43. e6 ({White should play} 43. h4 $16 Qg4 44. Qd2) 43... Kg6 $2 (43... h4 $11) 44. Rd7 $2 ({Only move:} 44. h4 $1 $16 {[%cal Rh4g5]} Qg4 45. Qd2) 44... Qf6 $11 45. Rxe7 Qxe7 {KQ-KQ} 46. Qe5 b6 {[#]} (46... Qg7 $11 47. Qe2 Qe7) 47. Kf3 $2 (47. h4 $1 $16) 47... c5 (47... Qxb4 $17 {aiming for ...Qe4+!} 48. Kf2 (48. e7 $2 Qe4+ 49. Qxe4 fxe4+ 50. Kf4 Kf7 $19) 48... Qd2+ 49. Kg1 Qd5) 48. a5 cxb4 $2 {[%mdl 8192]} (48... bxa5 $11 49. bxc5 Qf6) 49. axb6 $18 b3 50. Kf2 h4 {[#]} (50... b2 $18 51. Qxb2 Qc5+ 52. Ke2 Qc4+ 53. Ke1 Qe4+ 54. Kf2 Qh1) 51. b7 $1 {[%mdl 512]} Qxb7 52. e7 Qb6+ 53. Kf3 $2 (53. Ke2 {mates} Qb5+ 54. Qxb5 axb5 55. e8=Q+ {[%mdl 64] Double Attack} Kf6 56. gxh4 b4 57. Qh8+ Ke7 58. h5) 53... Qc6+ $11 54. Kf2 (54. Ke3 $11 Kf7 55. Qxf5+ Kxe7 56. Qh7+ {[%mdl 64] Double Attack} Kd6 57. Qd3+ Qd5 58. Qxa6+ Ke7 59. Qa3+ Kf6 60. Qb2+ Ke6 61. gxh4) 54... hxg3+ (54... Kf7 $17 55. gxh4 Qb6+ 56. Kf3 Qb5 57. e8=B+ Qxe8 58. Qxf5+ Kg7 59. Qg4+ Qg6) 55. Kxg3 Kf7 {[#] Hoping for ...a5!} 56. e8=Q+ $1 {[%mdl 512]} Qxe8 57. Qxf5+ Kg7 {( -> ...Qg6+)} 58. Qd5 $2 {[%mdl 8192]} (58. Qg5+ $11 Qg6 59. Kh3) 58... Qg6+ $2 (58... Qb5 59. Qd4+ Kf7 60. Qf4+ Ke6 61. Qg4+ Kd5 62. Qf5+ Kd4 63. Qf4+ Kd3 64. Qf3+ Kc2 65. Qf2+ Kb1 66. Qe1+ Ka2) 59. Kh3 $19 b2 $2 ({Better is} 59... Qh6+ $19 60. Kg4 Qg6+ 61. Kh3 Qc2 62. Qd7+ Kf6 63. Qd6+ Kg5 64. Qd8+ Kf4 65. Qd6+ Kf3 66. Qg3+ Ke4 67. Qg6+ Ke5 68. Qe8+ Kd5 69. Qd8+ Kc4 70. Qc7+ Kd4 71. Qd8+ Ke4 72. Qe8+ Kd4 73. Qd8+ Ke5 74. Qe7+ Kf5 75. Qd7+ Ke5 76. Qe7+ Kf5 77. Qf7+ Ke4 78. Qe6+ Kd4 79. Qd6+ Ke4 80. Qe6+ Kf3 81. Qg4+ Kf2 82. Qg2+ Ke1 83. Qg1+ Kd2 84. Qg5+ Kd3 85. Qg6+ Kd2 86. Qg5+ Kc3 87. Qe5+ Kb4 88. Qb8+ Kc3 89. Qe5+ Kb4 90. Qb8+ Ka3 91. Qd6+ Kb2 92. Qxa6 Qe4 93. Qf6+ Kc2 94. Qf2+ Kc3 95. Qf6+ Qd4 96. Qc6+ Kd3 97. Qg6+ Kd2 98. Qg2+ Kc3 99. Qc6+ Kb2) 60. Qb7+ $11 {[%mdl 64] Double Attack} Kh6 {Accuracy: White = 44%, Black = 34%.} 1/2-1/2

[Event "Guimaraes Open 2019"]
[Site "Guimaraes"]
[Date "2019.08.28"]
[Round "1.24"]
[White "Redondo Arguelles, Graciela"]
[Black "Lara Lopez, Sergio"]
[Result "1/2-1/2"]
[WhiteElo "2021"]
[BlackElo "2226"]
[Annotator "TA"]
[PlyCount "94"]
[EventDate "2019.08.28"]
[EventType "swiss"]
[EventCountry "POR"]
[SourceTitle "playchess.com"]
[Source "ChessBase"]
[SourceQuality "1"]

{[%evp 9,94,0,0,0,0,-23,0,-22,-25,-19,-13,-18,0,0,0,0,39,35,66,34,109,43,63,56,61,28,79,70,77,37,41,27,204,27,36,28,281,-60,-14,-60,-60,-70,10,9,0,0,22,16,17,0,0,0,0,0,0,-28,29,0,61,29,51,0,79,79,79,79,89,89,90,79,79,79,87,92,84,75,93,96,140,140,140,140,140,140,142,147,204]} 1. e4 e6 2. Qe2 c5 3. g3 Nc6 4. c3 Be7 (4... g6 5. Bg2 Bg7 6. f4 Nge7 7. Nf3 O-O 8. O-O d6 9. a4 Rb8 10. Na3 a6 11. Rd1 Na5 12. Nc4 Nb3 13. Ra3 Nxc1 14. Rxc1 b5 15. axb5 axb5 16. Ne3 Bb7 17. d3 Qb6 18. Kh1 Ra8 19. Rca1 {½-½ (19) Nepomniachtchi,I (2714)-Morozevich,A (2724) Sochi 2014}) 5. Bg2 d5 6. d3 {C00: French: Unusual White 2nd moves} Nf6 7. Nf3 b6 8. e5 {The position is equal.} Nd7 9. O-O Qc7 {[%cal Rd7e5]} 10. Re1 Bb7 11. d4 h6 $146 ({Predecessor:} 11... cxd4 12. cxd4 Nb4 13. Nc3 Ba6 {0-1 (56) Kolosov,A (1930)-Olisov,A (2175) Russia 2012}) 12. Bd2 g5 13. h3 O-O-O 14. Na3 (14. b4 $5) 14... c4 ({Better is} 14... a6 $14) 15. Nc2 ({White should try} 15. Nb5 $16 Qb8 16. h4) 15... Rdg8 16. b3 Na5 17. Ne3 b5 (17... h5 $11 {keeps the balance.}) 18. Reb1 Nb6 19. Be1 Bc6 20. Nd2 Qd7 $2 {[#]} (20... h5 $1 $11) 21. Bf1 $2 ({White must play} 21. a4 $1 $18 {[%cal Ra4b5][%mdl 512]} Nxb3 (21... bxa4 22. bxc4) 22. Nxb3 cxb3 23. axb5 Bxb5 24. Qf3) 21... h5 $11 22. Bg2 Rh6 $2 {[%mdl 8192] [#]} (22... Qc7 $11 {and Black has nothing to worry.}) 23. f3 $2 (23. a4 $1 $18 {[%cal Ra4b5] Strongly threatening axb5.} Nxb3 24. Nxb3 cxb3 25. Rxb3 bxa4 26. Rbb1) 23... f6 24. f4 gxf4 25. gxf4 f5 (25... fxe5 $15 26. fxe5 Bg5) 26. Kh2 h4 27. Bf2 Rhg6 28. Nf3 Qd8 29. Qe1 {[%cal Rf2h4]} Rh6 30. Bf1 Be8 31. Ng2 Bh5 32. Qe3 Bf7 ({Black should play} 32... Rhg6) 33. Qe1 Rgh8 (33... Bh5 $11 34. Ngxh4 Rgh8) 34. Rb2 Qc7 35. Rbb1 (35. bxc4 $14 bxc4 36. Ng5) 35... Nd7 (35... Qd8 $11 {remains equal.}) 36. b4 $16 (36. Bxh4 Bxh4 37. Ngxh4 Nb6 $15) 36... Nc6 {[#]} 37. a4 $1 {[%cal Ra4b5]} (37. Bxh4 Bxh4 38. Ngxh4 Nb6 $17) 37... a6 38. axb5 ({Of course not} 38. Ngxh4 $6 Qd8 $11) 38... axb5 39. Ra8+ ({Don't play} 39. Bxh4 Bxh4 40. Ngxh4 Nb6 $11) ({Much weaker is} 39. Ngxh4 $6 Qd8 $11) 39... Kb7 40. Rxh8 Rxh8 41. Bxh4 Nb6 42. Bxe7 Nxe7 43. Ng5 Ng6 44. Kg3 {White is clearly better.} Qe7 45. Be2 Rg8 {White must now prevent ...Nxf4!} 46. h4 Nf8 47. Ra1 Be8 {Accuracy: White = 49%, Black = 35%.} (47... Na4 $16 {was necessary.} 48. Bd1 Be8) 1/2-1/2

[Event "Guimaraes Open 2019"]
[Site "Guimaraes"]
[Date "2019.08.28"]
[Round "1.25"]
[White "Lopez Gonzalez, Alfonso"]
[Black "Sanleon Pravisano, Nieves"]
[Result "1-0"]
[WhiteElo "2219"]
[BlackElo "1995"]
[Annotator "ChessBase"]
[PlyCount "83"]
[EventDate "2019.08.28"]
[EventType "swiss"]
[EventCountry "POR"]
[SourceTitle "playchess.com"]
[Source "ChessBase"]
[SourceQuality "1"]
[TimeControl "5400+30"]

1. d4 {[%emt 0:00:00]} d5 {[%emt 0:00:00]} 2. c4 {[%emt 0:00:00]} dxc4 {[%emt 0:00:00]} 3. e3 {[%emt 0:00:00]} Nf6 {[%emt 0:00:00]} 4. Bxc4 {[%emt 0:00:01]} e6 {[%emt 0:00:00]} 5. Nc3 {[%emt 0:01:29]} a6 {[%emt 0:01:02]} 6. a4 {[%emt 0:00:50]} c5 {[%emt 0:00:27]} 7. Nf3 {[%emt 0:01:12]} Nc6 {[%emt 0:00:18]} 8. O-O {[%emt 0:06:12]} cxd4 {[%emt 0:05:16]} 9. exd4 {[%emt 0:00:09]} Be7 {[%emt 0:01:49]} 10. Bg5 {[%emt 0:15:55]} Nd5 {[%emt 0:16:29]} 11. Bxe7 {[%emt 0:27:53]} Ncxe7 {[%emt 0:01:05]} 12. Bxd5 {[%emt 0:04:22]} Nxd5 {[%emt 0:00:36]} 13. Nxd5 Qxd5 {[%emt 0:00:07]} 14. Re1 {[%emt 0:00:17]} O-O {[%emt 0:04:30]} 15. Re5 {[%emt 0:01:36]} Qd6 {[%emt 0:00:20]} 16. Qd3 {[%emt 0:14:09]} f6 {[%emt 0:09:53]} 17. Rh5 {[%emt 0:04:03]} g6 {[%emt 0:02:32]} 18. Rc5 {[%emt 0:00:18]} Bd7 {[%emt 0:07:25]} 19. Nd2 {[%emt 0:02:26]} e5 {[%emt 0:05:46]} 20. Qc4+ {[%emt 0:04:16]} Kh8 {[%emt 0:00:53]} 21. Rd5 {[%emt 0:04:21]} Qe6 {[%emt 0:02:08]} 22. dxe5 {[%emt 0:01:15]} fxe5 {[%emt 0:00:30]} 23. Rd3 {[%emt 0:01:51]} Qxc4 {[%emt 0:03:32]} 24. Nxc4 {[%emt 0:00:04]} Bf5 {[%emt 0:00:24]} 25. Re3 {[%emt 0:03:04]} Rac8 {[%emt 0:03:52]} 26. Nxe5 {[%emt 0:01:46]} Rc2 {[%emt 0:00:14]} 27. b3 {[%emt 0:00:11]} Rfc8 {[%emt 0:00:24]} 28. g4 {[%emt 0:01:54]} Rc1+ 29. Rxc1 {[%emt 0:00:04]} Rxc1+ {[%emt 0:01:32]} 30. Kg2 {[%emt 0:00:03]} Bc2 {[%emt 0:00:32]} 31. Nc4 {[%emt 0:01:40]} Bxb3 {[%emt 0:02:11]} 32. Nb6 {[%emt 0:00:04]} Bc2 {[%emt 0:01:09]} 33. Kg3 {[%emt 0:01:59]} Ra1 {[%emt 0:02:14]} 34. Re8+ {[%emt 0:00:14]} Kg7 {[%emt 0:00:07]} 35. Re7+ {[%emt 0:00:03]} Kh8 {[%emt 0:01:50]} 36. Rxb7 {[%emt 0:01:09]} Bxa4 {[%emt 0:00:20]} 37. Ra7 {[%emt 0:01:03]} Bb5 {[%emt 0:00:56]} 38. Nd5 {[%emt 0:00:27]} Ra3+ {[%emt 0:06:05]} 39. Kf4 {[%emt 0:00:56]} Bd3 {[%emt 0:02:21]} 40. Nf6 {[%emt 0:00:50]} g5+ 41. Kxg5 {[%emt 0:00:04]} Bg6 {[%emt 0:02:00]} 42. f4 {[%emt 0:00:39]} 1-0

[Event "Guimaraes Open 2019"]
[Site "Guimaraes"]
[Date "2019.08.29"]
[Round "1.26"]
[White "Morato Tent, Francisco"]
[Black "Santos, Jose Guilherme B Lim"]
[Result "1/2-1/2"]
[WhiteElo "1990"]
[BlackElo "2213"]
[Annotator "TA"]
[PlyCount "53"]
[EventDate "2019.08.28"]
[EventType "swiss"]
[EventCountry "POR"]
[SourceTitle "playchess.com"]
[Source "ChessBase"]
[SourceQuality "1"]

{[%evp 15,53,0,4,-10,-10,-5,-3,-16,0,-39,36,36,31,0,61,2,29,24,17,3,60,-97,-100,-112,-108,-168,-169,-138,64,62,53,30,24,-920,-27,-29999,-93,-141,-135,-128]} 1. e4 c5 2. Nc3 d6 3. f4 Nf6 4. Bc4 e6 5. d3 Nc6 6. Nf3 g6 7. O-O Bg7 8. Qe1 O-O 9. Qh4 {B23: Closed Sicilian: Lines without g3} (9. Bb3 Na5 10. e5 Ne8 11. Ba4 b6 12. Bd2 Bb7 13. Bxe8 Rxe8 14. Ne4 Bxe4 15. dxe4 dxe5 16. fxe5 Nc6 17. Bg5 {0-1 (35) Mitkov,N (2578)-Leitao,R (2587) Poikovsky 2001}) 9... d5 10. Bb3 $1 c4 {And now ...dxe4 would win.} 11. dxc4 {The position is equal.} dxe4 {Strongly threatening ...Qb6+.} 12. Ng5 Qd4+ (12... a5 $15) 13. Kh1 $146 ({Predecessor:} 13. Qf2 Ng4 14. Qxd4 Bxd4+ 15. Kh1 Nf2+ 16. Rxf2 Bxf2 17. Ncxe4 {0-1 (27) Letonnelier,J (1801)-Picard,R (2102) Angers 2015}) 13... Rd8 14. Qe1 (14. Re1 {is more complex.} Ne7 15. Ncxe4 h6 16. Nf3 Nf5 17. Nxd4 Nxh4 18. Nxf6+ Bxf6 19. c3) 14... Qb6 ({Black should try} 14... Qd7 $11) 15. Ncxe4 (15. Be3 $14 Qc7 16. Qh4 (16. Ngxe4 Nxe4 17. Nxe4 Bxb2 $11)) 15... Nxe4 $11 16. Nxe4 Nd4 17. Be3 Qc6 (17... Qc7 $11) 18. Nc3 $2 (18. Qh4 $14 {keeps the upper hand.} Rd7 19. Bxd4 Bxd4 20. Ng5) 18... b6 $17 19. Ba4 Qxc4 20. Qh4 (20. Bb3 $17 {was necessary.} Qb4 21. Qh4) 20... Bb7 $19 {Threatens to win with ...Nf5.} 21. Rad1 {and if f5! works, White does fine.} Rdc8 $2 (21... Rd6 $17 {...Nf5 is the strong threat.} 22. Bxd4 (22. Qe7 $2 Bxg2+ 23. Kxg2 Nf5 $19 {[%mdl 64] Double Attack}) 22... Rxd4) 22. Bxd4 $1 $14 Bxd4 23. Bb3 {[#]} (23. f5 $5 Bxc3 24. Rd8+ Rxd8 25. Qxc4 $16) 23... Qc6 $1 {[%csl Gb7][%cal Rc6g2][%mdl 512]} 24. Rf3 $2 {[%mdl 8192] [#]} (24. Bd5 $11 exd5 25. Rxd4) 24... Bg7 $2 {[#]} (24... Bxc3 $2 25. bxc3 Qxf3 26. gxf3 $19) ({Better is} 24... Qxf3 $1 $19 {[%csl Gb7][%cal Rf3g2][%mdl 512]} 25. Qg3 (25. gxf3 Bxf3#) 25... Qxg3 26. hxg3 Bxc3 27. bxc3 Rxc3) 25. Rfd3 $2 {[%mdl 8192]} (25. f5 $1 $11 {[%mdl 512]} gxf5 (25... exf5 26. Qe7) 26. Rg3) 25... Qc5 $2 (25... Qxg2# {mates}) 26. Rh3 h5 27. Rhd3 {Accuracy: White = 15%, Black = 36%.} 1/2-1/2

[Event "Guimaraes Open 2019"]
[Site "Guimaraes"]
[Date "2019.08.28"]
[Round "1.27"]
[White "Nieves Cabanes, Javier"]
[Black "Tevar Becerra, Alvaro"]
[Result "1-0"]
[WhiteElo "2211"]
[BlackElo "1990"]
[Annotator "ChessBase"]
[PlyCount "104"]
[EventDate "2019.08.28"]
[EventType "swiss"]
[EventCountry "POR"]
[SourceTitle "playchess.com"]
[Source "ChessBase"]
[SourceQuality "1"]
[TimeControl "5400+30"]

1. Nf3 {[%emt 0:00:00]} d5 {[%emt 0:00:09]} 2. c4 {[%emt 0:00:00]} e6 {[%emt 0:00:09]} 3. e3 {[%emt 0:00:11]} Nf6 {[%emt 0:00:10]} 4. b3 {[%emt 0:00:51]} Be7 {[%emt 0:00:10]} 5. Bb2 {[%emt 0:00:09]} O-O {[%emt 0:00:37]} 6. g3 {[%emt 0:01:06]} b6 {[%emt 0:00:07]} 7. Bg2 {[%emt 0:00:08]} Bb7 {[%emt 0:00:05]} 8. O-O {[%emt 0:00:41]} Nbd7 {[%emt 0:01:27]} 9. Nc3 {[%emt 0:01:13]} c5 {[%emt 0:01:14]} 10. Qe2 {[%emt 0:01:49]} Rc8 {[%emt 0:00:53]} 11. Rfd1 {[%emt 0:00:17]} Ne4 {[%emt 0:01:24]} 12. Rac1 {[%emt 0:02:52]} Bf6 {[%emt 0:05:00]} 13. cxd5 {[%emt 0:01:39]} Nxc3 {[%emt 0:03:15]} 14. Bxc3 {[%emt 0:06:21]} exd5 {[%emt 0:03:05]} 15. d4 {[%emt 0:00:29]} Qe7 {[%emt 0:03:15]} 16. Qb2 {[%emt 0:02:33]} Rfd8 {[%emt 0:02:20]} 17. dxc5 {[%emt 0:03:17]} Bxc3 {[%emt 0:00:57]} 18. Rxc3 {[%emt 0:01:11]} bxc5 {[%emt 0:00:54]} 19. Qa3 {[%emt 0:02:26]} Qf6 {[%emt 0:01:23]} 20. Rdc1 {[%emt 0:06:34]} Qb6 {[%emt 0:07:27]} 21. Bh3 {[%emt 0:04:25]} d4 {[%emt 0:13:41]} 22. exd4 {[%emt 0:00:13]} cxd4 {[%emt 0:10:23]} 23. Rxc8 {[%emt 0:01:06]} Bxc8 {[%emt 0:04:21]} 24. Qe7 {[%emt 0:04:05]} d3 {[%emt 0:06:15]} 25. Rxc8 {[%emt 0:12:56]} Rxc8 {[%emt 0:00:32]} 26. Qxd7 {[%emt 0:00:11]} Rd8 {[%emt 0:01:23]} 27. Qe7 {[%emt 0:00:26]} Rf8 {[%emt 0:04:14]} 28. Bf5 {[%emt 0:02:10]} Qc6 {[%emt 0:05:20]} 29. Qe3 {[%emt 0:00:33]} Qf6 {[%emt 0:06:49]} 30. Bxd3 {[%emt 0:01:07]} Qa1+ {[%emt 0:00:34]} 31. Kg2 {[%emt 0:00:06]} Qxa2 {[%emt 0:00:54]} 32. h4 {[%emt 0:00:50]} Qa5 {[%emt 0:01:32]} 33. Qe4 {[%emt 0:02:35]} g6 {[%emt 0:00:41]} 34. Bc4 {[%emt 0:00:16]} Qc7 {[%emt 0:02:08]} 35. h5 {[%emt 0:01:37]} Kg7 {[%emt 0:00:28]} 36. hxg6 {[%emt 0:01:03]} hxg6 {[%emt 0:00:59]} 37. Ng5 {[%emt 0:00:26]} Qd6 {[%emt 0:03:00]} 38. Qh4 {[%emt 0:03:44]} Qc6+ {[%emt 0:00:29]} 39. Kg1 {[%emt 0:01:11]} Rh8 {[%emt 0:03:15]} 40. Qd4+ {[%emt 0:00:31]} Qf6 {[%emt 0:01:01]} 41. Qxf6+ {[%emt 0:00:46]} Kxf6 {[%emt 0:00:01]} 42. Nxf7 {[%emt 0:00:13]} Rf8 {[%emt 0:01:49]} 43. f4 {[%emt 0:02:10]} Kf5 {[%emt 0:00:37]} 44. Kf2 {[%emt 0:01:21]} a5 {[%emt 0:02:40]} 45. Bd3+ {[%emt 0:02:44]} Kf6 {[%emt 0:00:22]} 46. Ne5 {[%emt 0:00:05]} Rd8 {[%emt 0:01:40]} 47. Bxg6 {[%emt 0:00:21]} Rd2+ {[%emt 0:00:06]} 48. Kf3 {[%emt 0:00:23]} Ra2 {[%emt 0:00:47]} 49. Be8 {[%emt 0:01:20]} Rc2 {[%emt 0:00:26]} 50. Ba4 {[%emt 0:00:51]} Rc3+ {[%emt 0:00:13]} 51. Kg4 {[%emt 0:00:15]} Ke6 {[%emt 0:00:30]} 52. Nc4 {[%emt 0:00:23]} Kd5 1-0

[Event "Guimaraes Open 2019"]
[Site "Guimaraes"]
[Date "2019.08.29"]
[Round "1.28"]
[White "Pinheiro, Albano"]
[Black "Garcia Dorado, Alberto"]
[Result "1-0"]
[WhiteElo "1989"]
[BlackElo "2205"]
[Annotator "TA"]
[PlyCount "85"]
[EventDate "2019.08.28"]
[EventType "swiss"]
[EventCountry "POR"]
[SourceTitle "playchess.com"]
[Source "ChessBase"]
[SourceQuality "1"]

{[%evp 13,85,-19,-17,-41,-20,-80,-78,-65,-14,-29,-28,-22,-18,-29,0,0,0,-7,0,-34,-33,-45,59,0,120,107,116,122,241,197,441,433,421,422,430,440,437,420,575,563,658,557,857,846,1845,1811,1783,1728,1568,984,973,958,1273,1255,1239,1210,1335,1337,1874,775,2731,2769,2256,1161,1071,1071,1071,863,29974,29976,29976,29977,29977,29978]} 1. e4 e6 2. d4 d5 3. exd5 exd5 4. c4 Bb4+ 5. Bd2 Bxd2+ 6. Qxd2 Nf6 7. Nc3 O-O 8. Nf3 {A51: Budapest Gambit, Fajarowicz Variation} Ne4 $146 ({Predecessor:} 8... Re8+ 9. Ne5 c5 10. O-O-O cxd4 11. Qxd4 Nc6 12. Nxc6 bxc6 13. cxd5 Nxd5 14. Nxd5 cxd5 {0-1 (75) Andrijevic,M (2345)-Balog,I (2542) Senta 2012}) 9. Nxe4 (9. Qd1 $11 {remains equal.}) 9... dxe4 $17 10. Ng1 {Black is better.} Re8 (10... Qf6 $15) 11. Ne2 Nc6 12. O-O-O a5 13. d5 Nb4 {[#] aiming for ...Nd3+.} (13... Ne5 $5 {[%cal Re5d3]} 14. Ng3 a4 $15) 14. Nc3 $1 Bf5 15. Be2 Bg6 16. g4 Qh4 17. Qe3 Re7 (17... f5 $15) 18. a3 (18. g5 $1 $14) 18... Na6 (18... Nd3+ $1 $11 19. Bxd3 exd3) 19. c5 $16 h6 20. d6 $36 {[%mdl 2048] White is in control.} Re6 (20... cxd6 $16 21. cxd6 Re6) 21. Bc4 Re5 $2 (21... Ree8 22. h3 cxd6) 22. Bxa6 $18 bxa6 23. f4 Ree8 24. d7 Red8 25. f5 Bh7 26. Qxe4 h5 27. h3 g6 28. Rhe1 Kf8 29. Qe5 Qg5+ 30. Kb1 {[#] White wants to mate with Qh8+.} gxf5 31. Qxc7 fxg4+ 32. Ka1 g3 33. Qd6+ Kg7 34. c6 Bf5 35. Qe5+ Kg6 36. Nd5 (36. Ne4 $142 Bxe4 37. Rd6+ f6 38. Qxe4+ Qf5 39. Qe7) 36... Be6 37. Nf4+ Kh6 38. Qxg5+ Kxg5 39. Nxe6+ fxe6 40. c7 Kh4 41. cxd8=Q+ {White mates.} Rxd8 42. Rxe6 g2 43. Rg6 {Accuracy: White = 66%, Black = 28%.} 1-0